The International Business Environment Text and Cases (Record no. 983)

MARC details
000 -LEADER
fixed length control field 00470nam a22001697a 4500
005 - DATE AND TIME OF LATEST TRANSACTION
control field 20180327113720.0
008 - FIXED-LENGTH DATA ELEMENTS--GENERAL INFORMATION
fixed length control field 160518b xxu||||| |||| 00| 0 eng d
020 ## - INTERNATIONAL STANDARD BOOK NUMBER
ISBN 978-81-203-1141-1
041 ## - LANGUAGE CODE
Language code of text/sound track or separate title eng
082 ## - DEWEY DECIMAL CLASSIFICATION NUMBER
Item number 2767
Classification number 338.88
100 ## - MAIN ENTRY--AUTHOR NAME
Personal name Sundaram Anant K. Black J. Stewart
245 ## - TITLE STATEMENT
Title The International Business Environment Text and Cases
260 ## - PUBLICATION, DISTRIBUTION, ETC. (IMPRINT)
Place of publication New Delhi
Name of publisher PHI learning Pvt. Ltd.
Year of publication 2009
300 ## - PHYSICAL DESCRIPTION
Number of Pages 339
650 ## - SUBJECT ADDED ENTRY--TOPICAL TERM
Topical Term Management
942 ## - ADDED ENTRY ELEMENTS (KOHA)
Koha item type Books
Holdings
Lost status Damaged status Collection code Home library Current library Shelving location Date acquired Cost, normal purchase price Full call number Accession Number Koha item type
    MANAGEMENT JRU Library JRU Library SHELF-61-C 18/05/2016 295.00 338.88 2767 Books
    MANAGEMENT JRU Library     18/05/2016 295.00 338.88 2768 Books
    MANAGEMENT JRU Library JRU Library SHELF-61-C 18/05/2016 295.00 338.88 2769 Books
    MANAGEMENT JRU Library JRU Library SHELF-61-C 18/05/2016 295.00 338.88 2770 Books
    MANAGEMENT JRU Library JRU Library SHELF-61-C 18/05/2016 295.00 338.88 2771 Books
    MANAGEMENT JRU Library JRU Library SHELF-61-C 18/05/2016 295.00 338.88 2772 Books
    MANAGEMENT JRU Library     18/05/2016 295.00 338.88 2773 Books
      JRU Library   SHELF-71-C 18/05/2016 295.00 338.88 2774 Books
    MANAGEMENT JRU Library JRU Library SHELF-61-C 18/05/2016 295.00 338.88 2775 Books
    MANAGEMENT JRU Library   SHELF-61-B 18/05/2016 295.00 338.88 2776 Books
    MANAGEMENT JRU Library     18/05/2016 295.00 338.88 2777 Books